Facultad de Derecho – Universidad Nacional de Mar del Plata

Corte Suprema de Justicia de la Nación. Secretaría de Jurisprudencia (Record no. 3870)

MARC details
000 -CABECERA
campo de control de longitud fija 00416nam a22001337a 4500
020 ## - NUMERO INTERNACIONAL NORMALIZADO PARA LIBROS (ISBN)
International Standard Book Number 9789871625222
080 ## - NUMERO DE CLASIFICACION DECIMAL UNIVERSAL (CDU)
Número de la Clasificación Decimal Universal 349.6 C 668
245 ## - MENCION DE TITULO
Título propiamente dicho Corte Suprema de Justicia de la Nación. Secretaría de Jurisprudencia
Parte restante del título Derecho ambiental
260 ## - PUBLICACION, DISTRIBUCION, ETC. (PIE DE IMPRENTA)
Lugar de publicación, distribución, etc. Buenos Aires
Nombre del editor, distribuidor, etc. Corte Suprema de Justica de la Nación
Fecha de publicación, distribución, etc. 2012
300 ## - DESCRIPCION FISICA
Extensión 288 p.
650 ## - ASIENTO SECUNDARIO DE MATERIA - TERMINO TEMATICO
Subdivisión general derecho ambiental
-- jurisprudencia
945 ## - INFORMACION DE PROCESAMIENTO LOCAL
Responsable de carga/modificación Sabrina Cecilia Abram
AAAA-MM-DD - Fecha de ingreso/modificación 2015-05-08
942 ## - ELEMENTOS AGREGADOS (KOHA)
Clasificación normalizada de Koha para alfabetizar _
Holdings
Retirado Perdido Dañado No se presta Ubicación permanente Locación actual Estante o sala Fecha de adquisición Total préstamos Signatura topográfica Inventario Ultima fecha vista Fecha del precio Tipo de item de Koha Total renovaciones Ultima fecha prestado
        Bib. Derecho Bib. Derecho Sala de Lectura 08/05/2015   349.6 C 668 202990 08/05/2015 08/05/2015 LIBRO (Consulta)    
        Bib. Derecho Bib. Derecho Sector Prestamo 18/06/2015 2 349.6 C 668 202825 09/11/2015 18/06/2015 LIBRO 2 26/10/2015
        Bib. Derecho Bib. Derecho Sector Prestamo 18/06/2015   349.6 C 668 202826 18/06/2015 18/06/2015 LIBRO    

XHTML | CSS | ©Biblioteca Central - Dto. Tecnología de la Información - [ Con tecnología Koha ]